000 00776nam a2200193Ia 4500
008 151119s9999||||xx |||||||||||||| ||und||
082 _a28.5
082 _bGKKV10320
100 _aदेवळे श रा
245 _aथोरले बाजीराव पेशवे आणि बालाजी बाजीराव पेशवे
260 _a--
260 _b--
260 _c0
600 _aदेवळे श रा
630 _aथोरले बाजीराव पेशवे आणि बालाजी बाजीराव पेशवे
700 _aदेवळे श रा
730 _aथोरले बाजीराव पेशवे आणि बालाजी बाजीराव पेशवे
942 _cBOOK
999 _c1064476
_d1064473